<?xml version="1.0" encoding="UTF-8"?>
<marc:record xmlns:marc="http://www.loc.gov/MARC21/slim">
   <marc:leader>00000nam a2200000 a 4500</marc:leader>
   <marc:datafield ind1="1" ind2=" " tag="100">
      <marc:subfield code="a">Gaarder, Jostein</marc:subfield>
      <marc:subfield code="4">aut</marc:subfield>
      <marc:subfield code="e">Verfasser/-in</marc:subfield>
   </marc:datafield>
   <marc:datafield ind1="1" ind2=" " tag="100">
      <marc:subfield code="a">Thalbach, Katharina</marc:subfield>
   </marc:datafield>
   <marc:datafield ind1=" " ind2=" " tag="653">
      <marc:subfield code="a">Philisophie</marc:subfield>
   </marc:datafield>
   <marc:datafield ind1="0" ind2="0" tag="245">
      <marc:subfield code="a">Sofies Welt</marc:subfield>
   </marc:datafield>
   <marc:datafield ind1="0" ind2="0" tag="245">
      <marc:subfield code="b">Über die Geschichte der Philosophie</marc:subfield>
   </marc:datafield>
   <marc:datafield ind1="0" ind2="0" tag="245">
      <marc:subfield code="c">Jostein Gaarder</marc:subfield>
   </marc:datafield>
   <marc:datafield ind1=" " ind2="1" tag="264">
      <marc:subfield code="a">München</marc:subfield>
      <marc:subfield code="b">cbj Verl.</marc:subfield>
      <marc:subfield code="c">2010</marc:subfield>
   </marc:datafield>
   <marc:datafield ind1="1" ind2=" " tag="520">
      <marc:subfield code="a">Abtauchen in die Geschichte der PhilosophieZwei anonyme Briefe findet die 14-Jährige Sofie in ihrem Briefkasten. In beiden steht nur ein Satz: "Wer bist du?" und "Woher kommt die Welt?" So beginnt Sofies abenteuerliche Zeitreise durch die Jahrtausende der Philosophie. Doch: Wer gibt ihr eigentlich diesen Fernkurs in Philosophie und bringt damit ihren Alltag durcheinander? Und wer ist dieser UN-Major, der seiner Tochter Hilde Geburtstagskarten an Sofies Adresse schreibt? Können Sokrates und Platon dies erklären ...? Sofie entdeckt staunend Galileis Gesetz der Schwerkraft und versucht, mit Hilfe des Computerprogramms Laila den UN-Major ausfindig zu machen, der immer dreister in Sofies Wirklichkeit eingreift. Wer ist Hilde, wer ist sie selbst? Ist Sofie Hilde? - Kurz vor ihrem und Hildes Geburtstag spitzen sich die Ereignisse zu. Zwischen Kant, Hegel und Marx sinnt Sofie darüber nach, wie sie den Major austricksen kann. Da kommt Hilde zu Hilfe ...</marc:subfield>
   </marc:datafield>
   <marc:datafield ind1=" " ind2=" " tag="020">
      <marc:subfield code="a">9783837104547</marc:subfield>
      <marc:subfield code="9">9783837104547</marc:subfield>
   </marc:datafield>
   <marc:datafield ind1="0" ind2=" " tag="490">
      <marc:subfield code="v">0</marc:subfield>
   </marc:datafield>
   <marc:datafield ind1=" " ind2=" " tag="300">
      <marc:subfield code="a">ca. 558 Min.</marc:subfield>
   </marc:datafield>
</marc:record>
